000 00527nam a22001691a 4500
020 _c0.00
040 _aSSUS - Library - Kalady
082 _aMED 371.262 SAN/STU
100 _aSanthosh V
245 _aA study of the relationship between proficiency in english grammar and achievement in english of secondary school pupils
_h[MED]
260 _c2000
300 _a120p.
600 _aAchievement English Secondary Schools
600 _aMED thesis
852 _90.00
_r
942 _cREF
999 _c44686
_d44686